000 01123nac a22002291u 4500
008 100907t xxu||||| |||| 00| 0 eng d
010 _a2001052197
020 _a0071364358 (pbk.)
020 _a0070483329
082 0 0 _a005.43
_bH3131
100 _aHarris, J. Archer,
_918524
245 1 0 _aSchaum's outline of operating systems /
_cJ. Archer Harris.
260 _aNew Delhi :
_bMcGraw-Hill,
_cc2002.
300 _av, 234 p. :
_bill. ;
_c28 cm.
490 0 _aSchaum's outline series
_918525
650 0 _aOperating systems (Computers)
_918526
856 4 2 _3Contributor biographical information
_uhttp://www.loc.gov/catdir/bios/mh041/2001052197.html
856 4 2 _3Publisher description
_uhttp://www.loc.gov/catdir/description/mh024/2001052197.html
942 _cBB
_k005.43H3131
_2ddc
999 _c555
_d555